Online
Catalog

Psicoterapias breves / (Record no. 23702)

MARC details
000 -CABECERA
campo de control de longitud fija 00697nam a2200217 a 4500
001 - NÚMERO DE CONTROL
campo de control 000024208
005 - FECHA Y HORA DE LA ÚLTIMA TRANSACCIÓN
campo de control 20200930022817.0
008 - DATOS DE LONGITUD FIJA--INFORMACIÓN GENERAL
campo de control de longitud fija 110120s1972 ag r 000 0 spa d
040 ## - FUENTE DE LA CATALOGACIÓN
Centro catalogador/agencia de origen DO-SdBNP
Lengua de catalogación spa
Centro/agencia transcriptor BNPHU
082 ## - NÚMERO DE LA CLASIFICACIÓN DECIMAL DEWEY
Número de clasificación xxxx
Número de documento/Ítem S635 p
049 ## - FONDOS LOCALES (OCLC)
Fondos de biblioteca BNGR
100 1# - ENTRADA PRINCIPAL--NOMBRE DE PERSONA
Nombre de persona Small, Leonard
9 (RLIN) 49722
245 10 - MENCIÓN DE TÍTULO
Título Psicoterapias breves /
Mención de responsabilidad, etc. Leonard Small ; traducción Oscar Muslera ; prólogo Marie Langer.
260 ## - PUBLICACIÓN, DISTRIBUCIÓN, ETC.
Lugar de publicación, distribución, etc. Buenos Aires, Argentina :
Nombre del editor, distribuidor, etc. Granica,
Fecha de publicación, distribución, etc. 1972.
300 ## - DESCRIPCIÓN FÍSICA
Extensión 314 p. ;
Dimensiones 19.5 cm.
490 1# - MENCIÓN DE SERIE
Mención de serie Psicoteca mayor
500 ## - NOTA GENERAL
Nota general Incluye bibliografía p. [297-314].
700 1# - PUNTO DE ACCESO ADICIONAL--NOMBRE DE PERSONA
Nombre de persona Muslera, Oscar,
Término indicativo de función/relación tr.
9 (RLIN) 8883
700 1# - PUNTO DE ACCESO ADICIONAL--NOMBRE DE PERSONA
Nombre de persona Langer, Marie,
Término indicativo de función/relación pról.
9 (RLIN) 34878
830 #0 - PUNTO DE ACCESO ADICIONAL DE SERIE-TÍTULO UNIFORME
Título uniforme Psicoteca mayor
9 (RLIN) 49723
Holdings
Estado de retiro Estado de pérdida Restricciones de uso No para préstamo Código de colección Localización permanente Ubicación/localización actual Ubicación en estantería Fecha de adquisición Número de inventario Total de préstamos Signatura topográfica completa Código de barras Fecha visto por última vez Precio válido a partir de Tipo de ítem Koha
        Monografías: Libros y Folletos General General En catalogación 20.01.2011 LF1   xxxx S635 p 24208-10 25.06.2020 25.06.2020 Préstamo en sala

Powered by Koha